000 00741nam a2200217Ia 4500
003 GCL
008 140319s9999 xx 000 0 ara d
040 _aGCL /
_cGCL
082 0 4 _a530.141
_bج ك
100 1 _aجونيور، وليام هـايت
245 1 0 _aالكهرومغناطيسيات الهندسية /
_cجونيور، وليام هـايت
700 1 _aعادل عبدالقادر محسن
700 1 _aمختار ناشد فهمى
260 _a[S.N] :
_bالدار الدولية للنشر والتوزيع ،
_c1992
300 _a589
490 _a
650 0 4 _aالمغناطيسية
650 0 4 _aالمغناطيسية الكهربائية
650 0 4 _aالفيزياء الرياضية
942 _2ddc
_cBK
999 _c30620
_d30620